El cuestionamiento de la esclavitud en Quito colonial / (Record no. 39259)
[ view plain ]
| 000 -CABECERA | |
|---|---|
| campo de control de longitud fija | 00645nam a2200181 a 4500 |
| 001 - NÚMERO DE CONTROL | |
| campo de control | 000039769 |
| 005 - FECHA Y HORA DE LA ÚLTIMA TRANSACCIÓN | |
| campo de control | 20201002033726.0 |
| 008 - DATOS DE LONGITUD FIJA--INFORMACIÓN GENERAL | |
| campo de control de longitud fija | 130718s1996 ec 000 0 spa d |
| 040 ## - FUENTE DE LA CATALOGACIÓN | |
| Centro catalogador/agencia de origen | DO-SdBNP |
| Lengua de catalogación | spa |
| Centro/agencia transcriptor | BNPHU |
| 100 1# - ENTRADA PRINCIPAL--NOMBRE DE PERSONA | |
| Nombre de persona | Lavallé, Bernard |
| 9 (RLIN) | 65965 |
| 245 13 - MENCIÓN DE TÍTULO | |
| Título | El cuestionamiento de la esclavitud en Quito colonial / |
| Mención de responsabilidad, etc. | Bernard Lavallé ; editor Jorge Nuñez Sánchez. |
| 260 ## - PUBLICACIÓN, DISTRIBUCIÓN, ETC. | |
| Lugar de publicación, distribución, etc. | Ecuador : |
| Nombre del editor, distribuidor, etc. | Universidad Estatal de Bolivar, |
| Fecha de publicación, distribución, etc. | 1996. |
| 300 ## - DESCRIPCIÓN FÍSICA | |
| Extensión | 79 p. ; |
| Dimensiones | 16 cm. |
| 490 1# - MENCIÓN DE SERIE | |
| Mención de serie | Todo es Historia |
| Designación de volumen o secuencia | no. 8 |
| 500 ## - NOTA GENERAL | |
| Nota general | Incluye notas al pie de las páginas |
| 700 1# - PUNTO DE ACCESO ADICIONAL--NOMBRE DE PERSONA | |
| Nombre de persona | Nuñez Sánchez, Jorge, |
| Término indicativo de función/relación | ed. |
| 9 (RLIN) | 13252 |
| 830 #0 - PUNTO DE ACCESO ADICIONAL DE SERIE-TÍTULO UNIFORME | |
| Título uniforme | Todo es Historia |
| Número de parte o sección de la obra | 8 |
| 9 (RLIN) | 65966 |
| Estado de retiro | Estado de pérdida | Restricciones de uso | No para préstamo | Código de colección | Localización permanente | Ubicación/localización actual | Ubicación en estantería | Fecha de adquisición | Número de inventario | Total de préstamos | Signatura topográfica completa | Código de barras | Fecha visto por última vez | Precio válido a partir de | Tipo de ítem Koha | Número de copia |
|---|---|---|---|---|---|---|---|---|---|---|---|---|---|---|---|---|
| Monografías: Libros y Folletos | General | General | En catalogación | 18.07.2013 | LF1 | 39769-10 | 25.06.2020 | 25.06.2020 | Préstamo en sala | |||||||
| Préstamo restrigido | Monografías: Libros y Folletos | General | General | En catalogación | 18.07.2013 | LF1 | 39769-20 | 25.06.2020 | 25.06.2020 | Préstamo en sala | e. 2 | |||||
| Monografías: Libros y Folletos | General | General | En catalogación | 18.07.2013 | LF1 | 39769-30 | 25.06.2020 | 25.06.2020 | Préstamo en sala | e. 3 |
